Archäologische Übersichtskarte des alten Orients : [Verfasst von einem Kollektiv der Abteitlung Frühgeschichte des Orients, Archäologisches Seminar, Martin-Luther-Universität Halle-Wittenberg] Mit einem Katalog der wichtigsten Fundplätze.

محفوظ في:

مؤلف مشترك: Halle. Universität. Archäologisches Seminar.

التنسيق: كتاب

اللغة: German

منشور في: Weimar : H. Böhlaus Nachfolger, 1959.

الموضوعات:

الوسوم: إضافة وسم

لا توجد وسوم, كن أول من يضع وسما على هذه التسجيلة!

رقم الطلب: CC120 .H3 1959

LEADER 00953nam a2200253I 4500
001 5386
003 OSt
005 20251103103526.0
008 130303s1959 ge b b 000 0 ger d
010 |a 61036233 
040 |c ARCE Library 
043 |a a------  |a f-ua--- 
050 4 |a CC120 .H3 1959 
110 2 |a Halle.  |b Universität.  |b Archäologisches Seminar. 
245 1 0 |a Archäologische Übersichtskarte des alten Orients :  |b [Verfasst von einem Kollektiv der Abteitlung Frühgeschichte des Orients, Archäologisches Seminar, Martin-Luther-Universität Halle-Wittenberg] Mit einem Katalog der wichtigsten Fundplätze. 
264 1 |a Weimar :  |b H. Böhlaus Nachfolger,  |c 1959. 
300 |a 64 pages :   |b folded map (in pocket) ;   |c 30 cm. 
504 |a Bibliography : page [25] 
650 0 |a Archaeology. 
651 0 |a Asia   |x Antiquities   |x Directories. 
651 0 |a Egypt   |x Antiquities   |x Directories. 
901 |a reviewed 
942 |c BK  |2 lcc 
999 |c 9302  |d 9302